Central Library OPAC University of Rajshahi

The economics of capital utilisation / (Record no. 58479)

MARC details
000 -LEADER
fixed length control field 00892nam a2200265 a 4500
001 - CONTROL NUMBER
control field 58479
003 - CONTROL NUMBER IDENTIFIER
rucl marc code BD-RjUL
005 - DATE AND TIME OF LATEST TRANSACTION
control field 20211209080628.0
008 - FIXED-LENGTH DATA ELEMENTS--GENERAL INFORMATION
fixed length control field 161218s1964 uk 000 0 eng u
035 ## - SYSTEM CONTROL NUMBER
System control number (BD-RjUL)58603
040 ## - CATALOGING SOURCE
Original cataloging agency WSU
Language of cataloging eng
Transcribing agency BD-RjUL
Modifying agency BD-RjUL
041 ## - LANGUAGE CODE
Language code of text/sound track or separate title eng
082 ## - DEWEY DECIMAL CLASSIFICATION NUMBER
Edition number 23
Classification number 331.257
Author mark and year MAE 1964
100 1# - MAIN ENTRY--PERSONAL NAME
Personal name Marris, Robin,
Dates associated with a name 1924-2012.
9 (RLIN) 173705
245 14 - TITLE STATEMENT
Title The economics of capital utilisation /
Statement of responsibility, etc. Robin Marris, Assisted by Ian Maclean and Simon Bernau
260 ## - PUBLICATION, DISTRIBUTION, ETC. (IMPRINT)
Place of publication, distribution, etc. Cambridge :
Name of publisher, distributor, etc. Cambridge University Press,
Date of publication, distribution, etc. 1964
300 ## - PHYSICAL DESCRIPTION
Pagination xviii, 267 p. ;
Size 24 cm.
490 1# - SERIES STATEMENT
Series statement Monographs (University of Cambridge) ;
Volume/sequential designation 10
500 ## - GENERAL NOTE
General note Includes Index
650 #0 - SUBJECT ADDED ENTRY--TOPICAL TERM
Topical term or geographic name as entry element Shift systems
9 (RLIN) 173706
700 ## - ADDED ENTRY--PERSONAL NAME
Personal name Maclean, Ian Assisted by
Personal name Bernau, Simon Assisted by
830 #0 - SERIES ADDED ENTRY--UNIFORM TITLE
Uniform title Monographs (University of Cambridge) ;
Volume number/sequential designation 10
942 ## - ADDED ENTRY ELEMENTS (KOHA)
Source of classification or shelving scheme Dewey Decimal Classification
Koha item type Books
Holdings
Lost status Source of classification or shelving scheme Damaged status Not for loan Collection code Permanent Location Current Location Shelving location Date acquired Source of acquisition Cost, normal purchase price Total Checkouts Full call number Date last seen Copy number Koha item type
  Dewey Decimal Classification   Not For Loan Non-fiction Central Library, University of Rajshahi Central Library, University of Rajshahi Reading Room 19/10/1968 Natherland book agency, 63.00   331.257 MAE 1964 18/12/2016 C-1 Books